Best Selling Gameboy Games - Statistics

General Stats
  • This quiz has been taken 152 times
  • The average score is 12 of 32
Answer Stats
Copies Sold (in millions) Developer Game % Correct
46.02 Game Freak Pokémon Red / Blue / Green / Yellow
89%
35 Nintendo Tetris
77%
1.88 Nintendo Tetris DX
77%
5.13 HAL Laboratory Kirby’s Dream Land
76%
18.14 Nintendo Super Mario Land
76%
11.18 Nintendo Super Mario Land 2: Six Golden Coins
75%
29.49 Game Freak Pokémon Gold / Silver / Crystal
70%
3.07 Nintendo Donkey Kong
64%
5.19 Nintendo Wario Land: Super Mario Land 3
59%
3.83 Nintendo The Legend of Zelda: Link’s Awakening
58%
1.72 Nintendo Metroid II: Return of Samus
51%
3.91 Rare Donkey Kong Land
42%
2.36 Hal Laboratory Kirby’s Dream Land 2
41%
2.35 Rare Donkey Kong Land 2
37%
3.96 Flagship The Legend of Zelda: Oracle of Seasons / Ages
37%
5.07 Nintendo Super Mario Bros. Deluxe
35%
5.34 Nintendo Dr. Mario
28%
2.19 Rare Donkey Kong Country
25%
5.31 Jupiter Pokémon Pinball
25%
1.99 Nintendo Tennis
25%
3.12 Game Freak Yoshi
25%
3.72 Hudson Soft | Creatures Inc. Pokémon Trading Card Game
24%
2.2 Nintendo Wario Land 3
24%
2.12 Nintendo Golf
23%
1.94 Nintendo Alleyway
21%
2.19 HAL Laboratory Kirby’s Pinball Land
20%
2.22 Nintendo The Legend of Zelda: Link’s Awakening DX
14%
3.41 Nintendo F-1 Race
7%
3 Bandai Tamagotchi
7%
2.35 Tose Dragon Warrior Monsters
6%
2.5 Konami Yu-Gi-Oh! Duel Monsters 4: Battle of Great Duelists
6%
2.4 Konami Yu-Gi-Oh! Dark Duel Stories
5%
No matching quizzes found
Score Distribution
Percent of People with Each Score
Percentile by Number Answered
Your Score History
You have not taken this quiz